000 00424nam a2200145Ia 4500
008 231129s2002||||xx |||||||||||||| ||spa||
020 _a956-201-267-0
040 _bspa
082 _a370.114 M445f
100 _aMaturana Humberto
245 0 _aFormación humana y capacitación
260 _c2002
264 _aSantiago de Chile : Unicef-Chile : Dolmen Ediciones
942 _2ddc
_cBKS
999 _c14104
_d14104